Tom’s diner lyrics (AnnenMayKanteriet&Giant Rooks Version) - Statistics

General Stats
  • This quiz has been taken 18 times
  • The average score is 79 of 112
Answer Stats
Answer % Correct
I
100%
To
100%
Am
94%
Diner
94%
The
94%
At
88%
Counter
88%
In
88%
It
88%
Sitting
88%
And
81%
Corner
81%
For
81%
Is
81%
Waiting
81%
You
81%
Coffee
75%
He
75%
Look
75%
Man
75%
Nice
75%
Pour
75%
See
75%
Window
75%
Always
69%
On
69%
Who
69%
Comin
63%
It’s
63%
Its
63%
Lookin
63%
Out
63%
Somebody
63%
Way
63%
Even
56%
Half
56%
No
56%
They
56%
Argue
50%
As
50%
Before
50%
He’s
50%
Morning
50%
Says
50%
Are
44%
Fills
44%
Her
44%
Im
44%
Instead
44%
Kissing
44%
Milk
44%
Not
44%
Only
44%
Other
44%
She
44%
Them
44%
Woman
44%
Behind
31%
Oh
31%
Pretending
31%
Shakin
31%
Come
25%
Has
25%
Hello’s
25%
Their
25%
Umbrella
25%
Yes
25%
No matching quizzes found
Score Distribution
Percent of People with Each Score
Percentile by Number Answered
Your Score History
You have not taken this quiz